Loading...
| History - World | 0 | 6 | 0 | 0 | 60 | 40 | 85.33 | 1 | 1 | 20.03 | 28.44 |
| Fine Arts - Classical Music | 0 | 6 | 0 | 0 | 60 | 37 | 94.67 | 0 | 1 | 12.88 | 27.72 |
| Social Science | 0 | 6 | 0 | 1 | 60 | 59 | 78.83 | 0 | 1 | 17.84 | 21.17 |
| Fine Arts - Painting and Sculpture | 0 | 5 | 0 | 0 | 50 | 66 | 91.40 | 0 | 3 | 13.31 | 24.33 |
| Science - Other | 0 | 5 | 0 | 3 | 50 | 15 | 93.00 | 1 | 1 | 11.23 | 20.50 |
| Science - Physics | 0 | 5 | 1 | 1 | 45 | 83 | 104.40 | 0 | 0 | 8.34 | 22.67 |
| History - Other | 0 | 4 | 0 | 2 | 40 | 81 | 112.50 | 0 | 0 | 4.14 | 11.00 |
| Religion | 0 | 3 | 0 | 0 | 30 | 98 | 102.33 | 1 | 1 | 4.29 | 15.83 |
| Fine Arts - Other | 0 | 4 | 2 | 0 | 30 | 66 | 101.75 | 0 | 1 | 7.42 | 21.50 |
| History - European | 0 | 3 | 1 | 1 | 25 | 83 | 99.67 | 0 | 0 | 5.90 | 7.50 |
| Literature - American | 0 | 2 | 0 | 0 | 20 | 93 | 117.50 | 0 | 0 | 3.76 | 3.33 |
| Literature - European | 0 | 2 | 0 | 0 | 20 | 106 | 116.50 | 0 | 1 | 2.79 | 9.83 |
| Philosophy | 0 | 2 | 0 | 1 | 20 | 110 | 113.00 | 0 | 0 | 0.09 | 3.33 |
| Current Events | 0 | 2 | 1 | 0 | 15 | 46 | 48.00 | 0 | 1 | 40.87 | 47.78 |
| Science - Chemistry | 0 | 1 | 0 | 0 | 10 | 119 | 119.00 | 0 | 0 | 0.63 | 1.67 |
| Literature - World | 0 | 1 | 0 | 0 | 10 | 104 | 104.00 | 0 | 0 | 1.61 | 6.67 |
| Science - Biology | 0 | 1 | 0 | 1 | 10 | 108 | 108.00 | 0 | 0 | 0.00 | 2.00 |
| Literature - British | 0 | 1 | 0 | 0 | 10 | 124 | 124.00 | 0 | 0 | 1.33 | 3.00 |
| Geography | 0 | 1 | 0 | 0 | 10 | 109 | 109.00 | 0 | 0 | 8.40 | 16.67 |
| Mythology | 0 | 1 | 1 | 0 | 5 | 139 | 139.00 | 0 | 0 | 0.00 | 0.83 |
| History - American | 0 | 1 | 1 | 0 | 5 | 89 | 89.00 | 0 | 0 | 3.31 | 1.67 |